000 01628nam0a2200361 4500
001 RU\NLR\bibl\1838314
005 20260406121457.0
010 _a978-5-17-075619-3
_bАСТ
010 _a978-5-271-37379-4
_95000
_bАстрель
021 _aRU
_b2011-86648
_96185
035 _a(NLR Aleph) 001828786
090 _a2108757
_c2108757
100 _a20111124d2011 |||y0rusy50 ca
101 0 _arus
102 _aRU
105 _aa |||||||||
200 1 _aВсе вредные советы
_e[для младшего школьного возраста]
_fГ. Остер
_g[худож.: А. Мартынов, Е. Ващинская]
210 _aМосква
_cАСТ
_cАстрель
_d2011
215 _a702, [1] c.
_cил.
_d21
300 _aНа обороте тит. л. и в вып. дан. загл.: Все вредные советы в одной книге
517 0 _aВсе вредные советы в одной книге
686 _aШ9(2)60=Р7я44
700 1 _4070
_8rus
_7ca
_aОстер
_bГ.Б.
_f1947 -
_gГригорий Бенционович
_3RU\NLR\auth\77563
_9110610
702 1 _4440
_8rus
_7ca
_aМартынов
_bА. Е.
_cхудожник-иллюстратор
_f1958-2012
_gАндрей Евгеньевич
_3RU\NLR\AUTH\7753566
_936498
702 1 _4440
_8rus
_7ca
_aКостина-Ващинская
_bЕ. А.
_cхудожник
_gЕкатерина Анатольевна
_3RU\NLR\AUTH\77100978
_983904
801 0 _aRU
_bNLR
_c20111124
_gRCR
801 1 _aRU
_bNLR
_c20111124
942 _cBOOK
980 _aNB
980 _aNBR